| 000 | 00672nam a2200229 u 4500 | ||
|---|---|---|---|
| 005 | 20240110063626.0 | ||
| 008 | 180226s2007 es r 000 0 spa d | ||
| 020 | _a9788484124399 | ||
| 035 | _aUPN01000223179 | ||
| 049 | _aI | ||
| 050 | 4 |
_aHQ774 _bR5.2 |
|
| 100 | 1 |
_aRío, Carmina del _932941 |
|
| 245 | 1 | 0 |
_aCuando estoy enfermo / _cCarmina del Río. |
| 260 |
_aBarcelona, Esp. : _bSalvatella, _c2007. |
||
| 300 |
_a32 p. : _bil. col. |
||
| 440 | 0 |
_aNuestras obligaciones ; _v7 |
|
| 650 | 4 |
_aNiños _xSalud e higiene _94876 |
|
| 650 | 2 |
_aAutocuidado de la salud _913068 |
|
| 650 | 4 |
_aSALUD - _vLITERATURA INFANTIL _924646 |
|
| 905 | _aInfantil | ||
| 999 |
_c195276 _d195276 |
||